000 00614nam a2200169 4500
003 LK-CoMWRAF
005 20240217001220.0
008 231212b |||||||| |||| 00| 0 eng d
020 _a9556250204
040 _aLK-CoMWRAF
_dLK-CoMWRAF
_eLK-CoMWRAF
041 _atam
082 _a342.73
_bSAM
245 _aசமநீதியும், சமுக நியாயமும், முஸ்லிம் பெண்களும்
260 _aColombo :
_bMuslim Women's Research and Action Forum - MWRAF,
_c2002
700 _aஇஸ்மாயில், ஸுலபிக்க
_etrans.
_eed.
942 _cBK
999 _c4363
_d4363